00482nam a2200241Ia 450000500170000000800460001702000130006303700070007604000080008304000080009104000080009904100080010704100080011508400130012308400080013610000180014424500190016224500180018126000110019926000120021026000090022230000090023120260401122109.0008 250103s9999 xx 000 0 eng d a99273845 aTB aEDL beng cEDL 2eng aeng aA823 MAL qEDL aMalouf, David 0aImaginary Life 0cMalouf, David aLondon bVintage c1999 a154p